000 00754nam a2200217Ia 4500
003 OSt
005 20251208113213.0
008 220922b |||||||| |||| 00| 0 hin d
037 _cTB
040 _aARTS
_cARTS
_bhin
041 _2hin
_ahin
084 _aO152,3N452x N9
_qAL
100 _aदिवाकर, रामधारी सिंह
_9855127
245 0 _aमाटी पानी
246 _aMāṭī pānī
260 _aनयी दिल्ली,भारत:
_b किताबघर,
_c1999.
300 _a144पृ.
_ccm.
650 _aहिन्दी साहित्य
_9156264
942 _hO152,3N452x, N9
_cTB
_2CC
_n0
999 _c375071
_d375071